000 01427nam a22002897a 4500
005 20080829101324.0
008 080829t xxu||||| |||| 00| 0 hin d
010 _aHIN-84126
020 _c50.00
_a8173090920
035 _aHN-56472
037 _aDBAD / PUB
040 _aDPL
_bHN
082 _a200
100 _aइन्द्रचन्द्र शास्त्री
245 _aमानव और धर्म :
_cइन्द्रचन्द्र शास्त्री
_b(जीवन में धर्म के महत्व का विवेचन) /
246 _aMaanava aur dharma
_bby Indrachandra Shashtri
250 _a2रा संस्क
260 _aनई दिल्ली
_bसस्ता साहित्य मण्डल
_c2005
270 _aएन-77, पहली मंजिल, कनाट सर्कस
_bनई दिल्ली
_e110001
_k23310505, 51523565
300 _a180पृ
_c22सेमी (अजिल्द)
650 _aधर्म
_xदर्शन
650 _aReligion
_xPhilosophy
650 _aदार्शनिक मानवशास्त्र
650 _aPhilosophical anthropology
942 _2ddc
_cHN
_h200
_mइन्द्रच
999 _c15224
_d15224